000 00448nam a2200181Ia 4500
001 10971
005 20260306161911.0
008 260306t2011||||xx |||||||||||||| ||spa||
041 _aESP
082 _a985
_bB81
100 _aBrading, David Anthony, 1936-
_eAUT
245 0 _aProfecía y patria en la historia del Perú
260 _c2011
300 _a298 páginas :
_c24 cm.
650 _aGEN
654 _aCHU
942 _cLIB
_dJUS
_fJUS
_2ddc
_n
999 _c10971
_d10971